00273nam a2200109Ia 4500008004100000082001600041100001700057245002200074260004400096300000800140650001500148191201s2005 xx 000 0 und d a530.12bPOQ aPOWELL, John 0aQuantum Mechanics aN.DelhibNarosa Publication Housec2005 a508 aB.Tech(ME)